Kant y la Biblia: principios kantianos de exégesis bíblica
Guardat en:
| Autor principal: | |
|---|---|
| Format: | Llibre |
| Idioma: | espanyol |
| Publicat: |
Iztapalapa
Anthropos
2006
|
| Col·lecció: | Autores, Textos y Temas. Filosofía, 60
|
| Matèries: | |
| Etiquetes: |
Afegir etiqueta
Sense etiquetes, Sigues el primer a etiquetar aquest registre!
|
MARC
| LEADER | 00000nam a2200000 a 4500 | ||
|---|---|---|---|
| 001 | UCJ2489 | ||
| 003 | CL-VaPUC | ||
| 008 | 061222e20060000MX |||||||||||||||||spa|d | ||
| 020 | |a 8476587686 | ||
| 082 | 0 | 4 | |a 142.3 |b LEM |2 21 |
| 100 | 0 | |a Lema-Hincapié, Andrés |e author |9 503434 | |
| 245 | 1 | 0 | |a Kant y la Biblia: principios kantianos de exégesis bíblica |
| 300 | |a 259 p | ||
| 600 | 0 | |a Kant, Immanuel, |d 1724-1804 |9 858687 | |
| 942 | |c BK | ||
| 945 | |d 20061222 00:00:00 |a jtorresc | ||
| 260 | |a Iztapalapa |b Anthropos |c 2006 | ||
| 650 | 0 | |a Kantismo |9 311003 | |
| 650 | 0 | |a Biblia |9 257603 | |
| 650 | 0 | |a Crítica e interpretación |9 255042 | |
| 583 | |a last modification |c 20061222 00:00:00 |k Rodrigo Vera | ||
| 490 | 0 | |a Autores, Textos y Temas. Filosofía, 60 | |
| 999 | |c 318727 |d 318725 | ||
| 952 | |0 0 |1 0 |4 0 |6 142_300000000000000_LEM_2006 |7 0 |8 A |9 396764 |a BIBEDU |b BIBEDU |d 2019-11-22 |i 4304810 |o 142.3 LEM 2006 |p 4304810 |r 2019-11-22 |w 2019-11-22 |y BK |k FIL | ||